000 00820nam a2200253 i 4500
001 C2-0256987
003 PPAK
005 20180727224147.0
008 040810s2003 my a|||| ||||| | may d
020 _a9831890019 ; 9789831890011
040 _aPPAK
_beng
_cPPAK
_erda
082 0 4 _a796.609595
_223
090 0 0 _a796.609595
_bHAS
_dR
100 0 _aHasan Nawawi Abd. Rahman,
_eauthor
245 1 0 _aCabaran berbasikal mengelilingi dunia :
_bwira daratan
264 1 _aShah Alam, Selangor :
_bRhythm Publishing ,
_c2003
300 _ax, 310 pages :
_bcolour photographs, colour illustrations ;
_c24 cm
336 _2rdacontent
_atext
337 _2rdamedia
_aunmediated
338 _2rdacarrier
_avolume
650 1 0 _aBicycle touring. ; Cycling.
700 0 _aChe Abdul Ghani bin Zahari,
_eeditor
942 _ddc
_cB
999 _c68993
_d68993